Responses for show #7329 - Thursday, June 23, 2016

Contestants

[<< previous game]

Marjika Howarth, a mother of 4 from South Jordan, Utah

Will Gilbert, a retail manager from St. Louis, Missouri

Laurie MacDougall, a cancer registrar originally from Medford, Massachusetts (whose 2-day cash winnings total $51,700)

[next game >>]

Jeopardy! Round responses

FIRST FAMILY PETS
LITERARY NICKNAMES
ADELE
GET TOGETHER
FOR DRINKS
& APPS
    $200 6
Caroline Kennedy

Laurie
    $200 1
(Marjika: What is the Bard?)

the Swan

LaurieMarjika
    $200 26
"Hello"

Laurie
    $200 8
conjoined

Laurie
    $200 21
sangria

Laurie
    $200 10
passwords

Laurie
    $400 7
Jefferson

Will
    $400 2
Truman Capote

Laurie
    $400 27
her vocal cords

Will
    $400 11
Consolidated

Laurie
    $400 22
a mint julep

Will
    $400 17
restaurants

Marjika
    $600 9
the Egg Roll

Marjika
    $600 3
Longfellow

Triple Stumper
    $600 28
21

Laurie
    $600 12
a fuse

Laurie
    $600 23
a daiquiri

Will
    $600 18
voice recognition

Laurie
    $800 15
Harding

Marjika
    $1,000 4
(Laurie: Who is Fast?)

Jonathan Swift

Laurie
    $800 29
"Skyfall"

Will
    $800 13
a yoke

Marjika
    $800 24
a Bloody Mary

Will
    $800 19
podcasts

Will
    $1000 16
(Zachary) Taylor

Will
    $1000 5
Oliver Goldsmith

Triple Stumper
    $1000 30
(Marjika: What is Wembley Stadium?)

Albert Hall

WillMarjika
    $1000 14
(Marjika: What is smelt?)

amalgamate

Marjika
Triple Stumper
    $1000 25
peach schnapps (peach liqueur accepted)

Will
    $1000 20
[Alex read "C25K" as "see-twenty-five-kay" rather than as "see-too-five-kay".]

couch

Will

Scores at the first commercial break (after clue 15):

Laurie Will Marjika
$1,200 $400 $1,000

Scores at the end of the Jeopardy! Round:

Laurie Will Marjika
$2,800 $8,200 $400

Double Jeopardy! Round responses

THRILLED TO THE MARROW
FRENCH ARTS & CULTURE
PRODUCE THE CELEBRITY NAME
[Pronounced "PROD-uce"] (Alex: And I did not mispronounce that.)
THE LIBRARY OF CONGRESS
COUNTRIES OF THE WORLD
WORD OF THE "DAY"
    $400 7
the liver

Marjika
    $400 21
(Alex: That would be the Sun King, [*].)

Louis XIV

Triple Stumper
    $400 12
Carrot Top

Will
    $400 26
(Will: What is the White House?)

the Capitol Building

Will
Triple Stumper
    $400 6
Argentina

Laurie
    $400 1
Payday

Laurie
    $800 8
fat cells

Laurie
    $800 22
Madame Bovary

Laurie
    $800 13
(Darryl) Strawberry

Will
    $800 27
Spider-Man

Laurie
    $800 15
Scotland

Will
    $800 2
"Someday"

Laurie
    $1200 9
platelets

Marjika
    $1200 23
(Edith) Piaf

Laurie
    $1200 14
(Laurie: Who is Jan Plumb?)
(Marjika: Who is Plumb?)
(Alex: All right, we'll give it to you. It's [*]. Laurie gave us too much information, and you lucked out, Marjika. Go again.)
(Marjika: Great.)

(Eve) Plumb

LaurieMarjika
    $1,500 28
Mathew Brady

Laurie
    $1200 16
Latvia

Triple Stumper
    $2,000 3
heyday

Laurie
    $1600 10
leukemia

Laurie
    $1600 24
Edouard Manet

Triple Stumper
    $1600 19
(Fiona) Apple

Laurie
    $1600 29
(Will: Uh, what is Nepal?)

Bhutan

WillMarjika
    $1600 17
Moldova

Will
    $1600 4
The Remains of the Day

Marjika
    $2000 11
(Laurie: What is cure?)

match

Laurie
Triple Stumper
    $2000 25
Massenet

Triple Stumper
    $2000 20
Marc Cherry

Triple Stumper
    $2000 30
tweets

Will
    $2000 18
Iran

Laurie
    $2000 5
the living daylights

Will

Scores at the end of the Double Jeopardy! Round:

Laurie Will Marjika
$13,500 $13,800 $6,400

[wagering suggestions for these scores]

Final Jeopardy! Round responses

ACTRESSES
MarjikaWho is Blanchett?
$3,600
LaurieWho is Helen Mirren?
$12,800
WillWho is Paltrow?
$13,201
Helen Mirren

Final scores:

Laurie Will Marjika
$26,300 $599 $2,800
3-day champion: $78,000 3rd place: $1,000 2nd place: $2,000

Game dynamics:

Coryat scores:

Laurie Will Marjika
$13,400 $13,800 $6,400
23 R
(including 2 DDs),
3 W
(including 1 DD)
17 R,
2 W
9 R,
3 W

Combined Coryat: $33,600

The J! Archive is created by fans, for fans. The Jeopardy! game show and all elements thereof, including but not limited to copyright and trademark thereto, are the property of Jeopardy Productions, Inc. and are protected under law. This website is not affiliated with, sponsored by, or operated by Jeopardy Productions, Inc. Join the discussion at JBoard.tv.